International Thermodynamic Tables of the Fluid State : Carbon Dioxide /
Tallennettuna:
| Yhteisötekijä: | |
|---|---|
| Muut tekijät: | , , |
| Aineistotyyppi: | Kirja |
| Kieli: | englanti |
| Julkaistu: |
Oxford, Inglaterra :
Pergamon,
1976, c1976
|
| Sarja: | (IUPAC Chemical Data Series ;
7) |
| Aiheet: | |
| Tagit: |
Ei tageja, Lisää ensimmäinen tagi!
|
MARC
| LEADER | 00000nam^a2200000^a^4500 | ||
|---|---|---|---|
| 001 | 000174884 | ||
| 005 | 20250521000000.0 | ||
| 009 | 20260310101543.711 | ||
| 020 | |a 0-08-020924-6 | ||
| 037 | |a Acervo ITESO - Biblioteca | ||
| 041 | |a ING | ||
| 082 | |a 536. 0212 |b INT V. 3 | ||
| 110 | |a International Union of Pure and Applied Chemistry | ||
| 240 | 1 | 1 | |a [International Thermodynamic Tables of the Fluid State] |
| 245 | 1 | 0 | |a International Thermodynamic Tables of the Fluid State : |b Carbon Dioxide / |c Ed. de S. Angus, B. Armstrong, K.M. de Reuck. |
| 264 | 4 | |a Oxford, Inglaterra : |b Pergamon, |c 1976, c1976 | |
| 300 | |a XXVIII, 385 p. | ||
| 336 | |a texto |b txt |2 rdacontenido | ||
| 337 | |a sin mediación |b n |2 rdamedio | ||
| 338 | |a volumen |b nc |2 rdasoporte | ||
| 440 | 1 | |a (IUPAC Chemical Data Series ; |v 7) | |
| 649 | |a XX | ||
| 650 | |a Bióxido de Carbono - |x Tablas | ||
| 650 | |a Gases - |x Propiedades Termodinámicas | ||
| 650 | |a Termodinámica - |x Tablas | ||
| 650 | |a Fisicoquímica | ||
| 700 | |a Angus, Selby |e (edición) | ||
| 700 | |a Armstrong, Barrie |e (edición) | ||
| 700 | |a Reuck, K.M. de |e (edición) | ||
| 910 | |a Fondo General | ||
| 920 | |a Impresos - Libros | ||
| 930 | |a Obras de Referencia | ||
| 905 | |a 102 | ||
| 901 | |a 0500112988 |b IT2 |c REF |u 20250521 | ||
| 902 | |a https://opac.biblio.iteso.mx/vufind/Record/000174884 | ||